Environmental science in building / (Record no. 22462)
[ view plain ]
| 000 -LEADER | |
|---|---|
| fixed length control field | 00767cam a22002535a 4500 |
| 001 - CONTROL NUMBER | |
| control field | 016014623 |
| 003 - CONTROL NUMBER IDENTIFIER | |
| control field | OSt |
| 005 - DATE AND TIME OF LATEST TRANSACTION | |
| control field | 20161009122039.0 |
| 008 - FIXED-LENGTH DATA ELEMENTS--GENERAL INFORMATION | |
| fixed length control field | 120120s2012 enka frb 001 0 eng d |
| 020 ## - INTERNATIONAL STANDARD BOOK NUMBER | |
| International Standard Book Number | 9780230290808 |
| 020 ## - INTERNATIONAL STANDARD BOOK NUMBER | |
| International Standard Book Number | 0230290809 |
| 040 ## - CATALOGING SOURCE | |
| Original cataloging agency | StDuBDS |
| Language of cataloging | eng |
| Transcribing agency | StDuBDS |
| Modifying agency | Uk |
| -- | EG-ScBUE |
| 082 04 - DEWEY DECIMAL CLASSIFICATION NUMBER | |
| Classification number | 696 |
| Edition number | 22 |
| Item number | MCM |
| 100 ## - MAIN ENTRY--PERSONAL NAME | |
| Personal name | McMullan, Randall. |
| 9 (RLIN) | 23187 |
| 245 10 - TITLE STATEMENT | |
| Title | Environmental science in building / |
| Statement of responsibility, etc | Randall McMullan. |
| 250 ## - EDITION STATEMENT | |
| Edition statement | 7th ed. |
| 260 ## - PUBLICATION, DISTRIBUTION, ETC. (IMPRINT) | |
| Place of publication, distribution, etc | Basingstoke : |
| Name of publisher, distributor, etc | Palgrave Macmillan, |
| Date of publication, distribution, etc | 2012. |
| 300 ## - PHYSICAL DESCRIPTION | |
| Extent | xii, 420 p. : |
| Other physical details | ill. ; |
| Dimensions | 25 cm. |
| 500 ## - GENERAL NOTE | |
| General note | Index : p. 413-420. |
| 504 ## - BIBLIOGRAPHY, ETC. NOTE | |
| Bibliography, etc | Includes bibliographical references. |
| 650 #7 - SUBJECT ADDED ENTRY--TOPICAL TERM | |
| Topical term or geographic name as entry element | Buildings |
| General subdivision | Environmental Engineering. |
| Source of heading or term | BUEsh |
| 9 (RLIN) | 23220 |
| 653 ## - INDEX TERM--UNCONTROLLED | |
| Resource For college | Engineering, Architecture |
| Arrived date list | October2016 |
| 942 ## - ADDED ENTRY ELEMENTS (KOHA) | |
| Source of classification or shelving scheme | Dewey Decimal Classification |
| Withdrawn status | Item status | Source of classification or shelving scheme | Damaged status | Not for loan | Vendor | Home library | Current library | Shelving location | Date acquired | Source of acquisition | Cost, normal purchase price | Total Checkouts | Total Renewals | Full call number | Barcode | Date last seen | Date last borrowed | Cost, replacement price | Koha item type |
|---|---|---|---|---|---|---|---|---|---|---|---|---|---|---|---|---|---|---|---|
| Lost and Paid For | Dewey Decimal Classification | Baccah | Central Library | Central Library | First floor | 09/10/2016 | Purchase | 365.00 | 1 | 2 | 696 MCM | 000033850 | 19/10/2017 | 19/10/2017 | 486.00 | Book - Borrowing | |||
| Dewey Decimal Classification | Baccah | Central Library | Central Library | First floor | 09/10/2016 | Purchase | 300.00 | 1 | 4 | 696 MCM | 000033851 | 15/07/2025 | 29/09/2021 | Book - Borrowing |